Mossad (Record no. 46287)

MARC details
000 -Etiqueta do registo
Valores 00732cam a2200253 4500
010 ## - Número ISBN
ISBN 9727090842
021 ## - Número do Depósito Legal
Número 43190/91
100 ## - Dados gerais de processamento
Dados gerais 19910910d1991 m y0pory5003 ba
101 1# - Língua de publicação
Língua por
102 ## - País de publicação
País PT
200 1# - Titulo e menção de responsabilidade
Título próprio Mossad
Informação de outro título ˆos ‰segredos da espionagem israelita
Primeira menção de responsabilidade Victor Ostrovsky, Claire Hoy
Outras menções de responsabilidade trad. Elsa Andringa
210 #9 - Publicação
Local de publicação Lisboa
Nome do editor Difusão Cultural,
Data de publicação imp. 1991
215 ## - Descrição física 
Paginação / Volumes 350 p.
Dimensões 23 cm
304 ## - Nota relativa ao título
Texto de nota Tít. orig: By way of deception
675 ## - CDU
Notação 355.40
675 ## - CDU
Notação 327.8(569.4)
Edição BN
Língua por
700 #1 - Autor principal
Apelido Ostrovsky,
Nome Victor,
Datas 1949-
701 #1 - Autor co-responsavel
Apelido Hoy,
Nome Claire
Função 070
702 #1 - Autor secundário
Apelido Andringa,
Nome Elsa
Função 730
702 #1 - Autor secundário
Apelido Mendon—ca,
Nome Luís,
Datas 1937-
Função 550
801 #0 - Fonte de origem
País PT
Agência BN
Regras de catalogação RPC
990 ## - Elementos KOHA
Tipo de documento Livro
Holdings
Aquisição Empréstimo Código de barras Cota Permissão de empréstimo Tipo de documento Nota relativa ao exemplar
Biblioteca Municipal de Redondo Biblioteca Municipal de Redondo 057401 355.40 OST   Livro oferta de Franklim Amaro Cabreirinha

Powered by Koha